Lecciones de Patología quirúrgica / (Record no. 120552)

MARC details
000 -LEADER
campo de control de longitud fija 00706nam a2200193 i 4500
001 - NÚMERO DE CONTROL
campo de control 120552
003 - IDENTIFICADOR DE NÚMERO DE CONTROL
campo de control ES-MaACL
005 - FECHA Y HORA DE LA ÚLTIMA TRANSACCIÓN
campo de control 20230906191557.0
007 - CAMPO FIJO DE DESCRIPCIÓN FÍSICA--INFORMACIÓN GENERAL
campo de control de longitud fija t|
008 - DATOS DE LONGITUD FIJA--INFORMACIÓN GENERAL
campo de control de longitud fija 070214m19561957sp r ||||1| spa d
100 1# - ENTRADA PRINCIPAL--NOMBRE DE PERSONA
Nombre de persona Piulachs Oliva, Pedro (
Fechas asociadas al nombre 1908-1976)
9 (RLIN) 92436
245 10 - MENCIÓN DEL TÍTULO
Título Lecciones de Patología quirúrgica /
Mención de responsabilidad, etc. P. Piulachs.
250 ## - MENCION DE EDICION
Mención de edición 2ª ed. considerablemente ampl. y puesta al día.
260 ## - PUBLICACIÓN, DISTRIBUCIÓN, ETC.
Lugar de publicación, distribución, etc. Barcelona :
Nombre del editor, distribuidor, etc. Vergara,
Fecha de publicación, distribución, etc. 1956-57.
300 ## - DESCRIPCIÓN FÍSICA
Extensión 2 t. en 4 v. ;
Dimensiones 25 cm.
505 8# - NOTA DE CONTENIDO CON FORMATO
Nota de contenido con formato Contiene: t. I: Generalidades [3 v.] --- t. II: Afecciones de las extremidades. Primera parte: fracturas y luxaciones
650 #4 - PUNTO DE ACCESO ADICIONAL DE MATERIA--TÉRMINO DE MATERIA
Término de materia o nombre geográfico como elemento de entrada Patología quirúrgica.
9 (RLIN) 136666
852 ## - LOCALIZACIÓN
Ubicación ES-MaACL
Número de control de estantería E-4712-15
Sublocalización o colección R.40157
Holdings
Estatus retirado Estado de pérdida Estado de daño No para préstamo Biblioteca de origen Biblioteca actual Ubicación en estantería Fecha de adquisición Fuente de adquisición Total de préstamos Signatura topográfica completa Código de barras Visto por última vez Precio de reemplazo Tipo de ítem Koha
        Biblioteca del Ateneo de Madrid Biblioteca del Ateneo de Madrid Depósito 2 17/01/2008     E-4712-15 1125656 23/02/2023 23/02/2023 Libro impreso